000 00838nab a2200253 u 4500
001 19618
003 HDC
007 cr bn ---aaaaa
008 210302c |r|noo 0 a d
040 _aHDC
100 _aChia, Yan Min,
_eauthor
_917996
245 0 _aHALAL E-MARKETPLACE TO LAUNCH BY YEAR-END /
_cby Chia Yan Min
260 _a[No place] :
_b[publisher not identified],
_c2016
336 _atext
_2rdacontent
337 _acomputer
_2rdamedia
338 _aonline resource
_2rdacarrier
650 _aE-marketplace
_917997
650 _aHalal marketplace
_96920
710 _aASIA ONE
856 _zRequest full-text at [email protected]
942 _2lcc
942 _cNEWS
942 _kNWSO 009777
999 _c16934
_d16934